[Event "CRO-chT2 Center"]
[Site "Zagreb"]
[Date "2012.04.01"]
[Round "6.41"]
[White "Grdinic, Zvonimir"]
[Black "Kliska, Predrag"]
[Result "0-1"]
[WhiteElo "2246"]
[BlackElo "2141"]
[PlyCount "44"]
[EventDate "2012.03.18"]
[EventType "team-swiss"]
[EventRounds "11"]
[EventCountry "CRO"]
[SourceTitle "EXT 2014"]
[Source "ChessBase"]
[SourceDate "2013.11.20"]
[SourceVersion "1"]
[SourceVersionDate "2013.11.20"]
[SourceQuality "1"]

1. Nf3 Nf6 2. c4 g6 3. Nc3 Bg7 4. e4 d6 5. d4 0-0 6. Be2 e5 7. 0-0 Nc6 8. d5 Ne7 9. Be3 Ng4 10. Bd2 f5 11. Ng5 Nf6 12. Bf3 h6 13. Ne6 Bxe6 14. dxe6 c6 15. Be3 f4 16. Bc1 Qc7 17. b3 Rad8 18. Ba3 Qc8 19. Bxd6 Qxe6 20. c5 Nc8 21. Be2 Nxd6 22. Qc2 Nf7 0-1

[Event "CRO-chT4 Center-A"]
[Site "Zagreb"]
[Date "2011.03.13"]
[Round "1.41"]
[White "Grdinic, Zvonimir"]
[Black "Brkic, Djordje"]
[Result "1-0"]
[WhiteElo "2265"]
[BlackElo "2143"]
[PlyCount "123"]
[EventDate "2011.03.13"]
[EventType "team-tourn"]
[EventRounds "7"]
[EventCountry "CRO"]
[SourceTitle "EXT 2014"]
[Source "ChessBase"]
[SourceDate "2013.11.20"]
[SourceVersion "1"]
[SourceVersionDate "2013.11.20"]
[SourceQuality "1"]

1. d4 Nf6 2. c4 e6 3. Nf3 b6 4. a3 Bb7 5. Nc3 Ne4 6. Nxe4 Bxe4 7. Nd2 Bb7 8. e4 Qh4 9. g3 Qf6 10. d5 Bc5 11. Qe2 a5 12. Bg2 0-0 13. 0-0 exd5 14. exd5 c6 15. Re1 cxd5 16. cxd5 Na6 17. Ne4 Qg6 18. Nxc5 Nxc5 19. Be3 Rfe8 20. Rad1 Ba6 21. Qd2 Nd3 22. Re2 Rac8 23. Bd4 Qg4 24. Rxe8+ Rxe8 25. Be3 h5 26. h3 Qg6 27. Qc2 a4 28. h4 Bb5 29. Kh2 Nc5 30. Qxg6 fxg6 31. Rd4 Na6 32. Be4 Kf7 33. Bc2 Re5 34. Rf4+ Ke7 35. Bxg6 Rxd5 36. Bxb6 Nc5 37. Rf7+ Ke6 38. Rxg7 Kf6 39. Rg8 Bc4 40. Bd8+ Ke5 41. Bg5 Ne6 42. Bxh5 Rb5 43. Bd2 d5 44. Bb4 d4 45. Be8 Rb8 46. Bf7 Rb7 47. Bxe6 Bxe6 48. Rd8 Bd7 49. Kg2 Ke4 50. Rg8 Rc7 51. h5 Rc6 52. Bd2 Rc2 53. h6 Bf5 54. g4 Bh7 55. Rg7 Rxd2 56. Rxh7 Rxb2 57. Rg7 d3 58. h7 Rb8 59. Rg8 d2 60. h8Q d1Q 61. Qh7+ Ke5 62. Qf5+ 1-0

[Event "CRO-chT3A Center"]
[Site "Zagreb"]
[Date "2010.10.24"]
[Round "8.61"]
[White "Krizanovic, Zvonko"]
[Black "Grdinic, Zvonimir"]
[Result "1/2-1/2"]
[WhiteElo "2065"]
[BlackElo "2274"]
[PlyCount "109"]
[EventDate "2010.03.21"]
[EventType "team-tourn"]
[EventRounds "11"]
[EventCountry "CRO"]
[SourceTitle "EXT 2012"]
[Source "ChessBase"]
[SourceDate "2011.11.24"]
[SourceVersion "1"]
[SourceVersionDate "2011.11.24"]
[SourceQuality "1"]

1. e4 d6 2. Nc3 e5 3. g3 Nf6 4. Bg2 Be7 5. Nge2 0-0 6. 0-0 c6 7. d4 Nbd7 8. h3 Re8 9. Be3 Bf8 10. d5 Qa5 11. g4 cxd5 12. Nxd5 Nxd5 13. Qxd5 Qxd5 14. exd5 b6 15. Ng3 Ba6 16. Rfd1 Rec8 17. Rd2 Rc7 18. Ne4 Rac8 19. c3 Nc5 20. Nxc5 bxc5 21. Bf1 Bxf1 22. Rxf1 Rb8 23. f4 f6 24. g5 Be7 25. gxf6 Bxf6 26. fxe5 Bxe5 27. Bf4 Re7 28. Bxe5 Rxe5 29. Rf4 Rf8 30. Ra4 Rg5+ 31. Rg2 Rxd5 32. Rxa7 g6 33. Re2 Rf7 34. Rxf7 Kxf7 35. Kg2 c4 36. Kf3 Rf5+ 37. Kg3 Rb5 38. Kf2 Kf6 39. Kg3 Rd5 40. Kf3 h5 41. h4 g5 42. hxg5+ Rxg5 43. Re4 Rc5 44. Rd4 Ke5 45. Rh4 Kf6 46. Rd4 Ke6 47. Kg3 Rg5+ 48. Kh3 d5 49. b3 cxb3 50. axb3 Re5 51. Rd3 Re4 52. Kg3 Rg4+ 53. Kf3 Ke5 54. Rd1 Rg8 55. c4 1/2-1/2

[Event "CRO-chT3A Center"]
[Site "Zagreb"]
[Date "2010.04.25"]
[Round "6.51"]
[White "Soldo, Robert"]
[Black "Grdinic, Zvonimir"]
[Result "1-0"]
[WhiteElo "2207"]
[BlackElo "2274"]
[PlyCount "99"]
[EventDate "2010.03.21"]
[EventType "team-tourn"]
[EventRounds "11"]
[EventCountry "CRO"]
[SourceTitle "EXT 2012"]
[Source "ChessBase"]
[SourceDate "2011.11.24"]
[SourceVersion "1"]
[SourceVersionDate "2011.11.24"]
[SourceQuality "1"]

1. d4 d5 2. c4 e6 3. Nc3 Nf6 4. cxd5 Nxd5 5. e4 Nxc3 6. bxc3 c5 7. Nf3 cxd4 8. cxd4 Bb4+ 9. Bd2 Qa5 10. a3 Bxd2+ 11. Qxd2 Qxd2+ 12. Kxd2 0-0 13. Bd3 Rd8 14. Rhc1 Nc6 15. Ke3 Bd7 16. Rab1 Na5 17. Ne5 Be8 18. Rc5 b6 19. Rc7 f6 20. Nf3 Ba4 21. Rbc1 h6 22. Re7 Re8 23. Rcc7 Rxe7 24. Rxe7 Kf8 25. Rc7 a6 26. g4 Be8 27. e5 fxe5 28. Nxe5 b5 29. f4 Rd8 30. Bc2 Rd6 31. Bg6 Bxg6 32. Nxg6+ Kg8 33. Ne5 Kh7 34. Rc8 Rb6 35. Nd7 Rc6 36. Nf8+ Kg8 37. Rxc6 Nxc6 38. Nxe6 b4 39. axb4 Nxb4 40. Ke4 a5 41. Nc5 Kf7 42. f5 Ke7 43. h4 Nc6 44. d5 Nb8 45. g5 hxg5 46. hxg5 a4 47. Nxa4 Nd7 48. Kd4 Nf8 49. Nc5 Nh7 50. Ne4 1-0

[Event "CRO-chT3A Center"]
[Site "Zagreb"]
[Date "2010.03.21"]
[Round "1.51"]
[White "Grdinic, Zvonimir"]
[Black "Medic, Mirjana"]
[Result "1/2-1/2"]
[WhiteElo "2274"]
[BlackElo "2314"]
[PlyCount "34"]
[EventDate "2010.03.21"]
[EventType "team-tourn"]
[EventRounds "11"]
[EventCountry "CRO"]
[SourceTitle "EXT 2012"]
[Source "ChessBase"]
[SourceDate "2011.11.24"]
[SourceVersion "1"]
[SourceVersionDate "2011.11.24"]
[SourceQuality "1"]

1. d4 e6 2. c4 f5 3. e3 Nf6 4. Bd3 Bb4+ 5. Bd2 Qe7 6. Bxb4 Qxb4+ 7. Qd2 Nc6 8. Nc3 Qe7 9. Nf3 d6 10. 0-0 0-0 11. e4 fxe4 12. Nxe4 e5 13. dxe5 Nxe5 14. Nxf6+ Qxf6 15. Nxe5 Qxe5 16. Rae1 Qf6 17. Re3 Be6 1/2-1/2

[Event "CRO-chT3"]
[Site "Zagreb"]
[Date "2009.04.26"]
[Round "6"]
[White "Grdinic, Zvonimir"]
[Black "Brigljevic, Milan"]
[Result "1/2-1/2"]
[WhiteElo "2295"]
[BlackElo "2294"]
[PlyCount "100"]
[EventDate "2009.03.08"]
[EventType "team-tourn"]
[EventRounds "9"]
[EventCountry "CRO"]
[SourceTitle "EXT 2011"]
[Source "ChessBase"]
[SourceDate "2010.11.26"]
[SourceVersion "1"]
[SourceVersionDate "2010.11.26"]
[SourceQuality "1"]

1. d4 Nf6 2. Nf3 d6 3. Nc3 Nbd7 4. Bf4 c5 5. d5 g6 6. h3 Bg7 7. e4 Qa5 8. Nd2 0-0 9. Nc4 Qd8 10. Bd3 Nb6 11. 0-0 Bd7 12. Re1 Nxc4 13. Bxc4 Nh5 14. Bh2 b5 15. Nxb5 Qb6 16. Nc3 Qxb2 17. Re3 Qb4 18. Qd3 Bd4 19. Rf3 Rab8 20. g4 Ng7 21. Re1 e5 22. Kg2 f5 23. gxf5 gxf5 24. Rb1 Qxc3 25. Rxb8 Rxb8 26. Qxc3 Bxc3 27. Rxc3 fxe4 28. Ra3 Rb7 29. Bg3 Nf5 30. Be2 Nd4 31. Bd1 Rb1 32. Bh5 Nxc2 33. Rxa7 Ne1+ 34. Kh2 Bf5 35. Bh4 Nf3+ 36. Bxf3 exf3 37. Ra6 Rb2 38. Kg3 c4 39. Rxd6 c3 40. Bg5 Rxa2 41. Rf6 Be4 42. Bh6 Ra8 43. d6 Bc6 44. Rf5 Rd8 45. h4 c2 46. h5 Rb8 47. Bc1 Rd8 48. Rxe5 Rxd6 49. Rc5 Ba4 50. Rc7 Rd7 1/2-1/2

[Event "CRO-chT3"]
[Site "Zagreb"]
[Date "2009.04.26"]
[Round "7"]
[White "Kurecic, Mladen"]
[Black "Grdinic, Zvonimir"]
[Result "0-1"]
[WhiteElo "2046"]
[BlackElo "2295"]
[PlyCount "84"]
[EventDate "2009.03.08"]
[EventType "team-tourn"]
[EventRounds "9"]
[EventCountry "CRO"]
[SourceTitle "EXT 2011"]
[Source "ChessBase"]
[SourceDate "2010.11.26"]
[SourceVersion "1"]
[SourceVersionDate "2010.11.26"]
[SourceQuality "1"]

1. d4 Nf6 2. c4 g6 3. Nc3 d5 4. cxd5 Nxd5 5. Bd2 Nb6 6. Nf3 Bg7 7. e3 0-0 8. Be2 Nc6 9. a3 e5 10. dxe5 Nxe5 11. 0-0 Nxf3+ 12. Bxf3 Nc4 13. Bc1 c6 14. Qc2 Be6 15. Rb1 Qe7 16. g3 Rfd8 17. Ne2 Ne5 18. Bg2 Bc4 19. Ra1 Bd3 20. Qd1 Ba6 21. Qc2 Bd3 22. Qd1 c5 23. Re1 Be4 24. Qa4 Nf3+ 25. Bxf3 Bxf3 26. Qf4 Bc6 27. Nc3 Rd3 28. e4 b6 29. Bd2 Rad8 30. Re2 h6 31. h4 Qe6 32. Rae1 Kh7 33. Kh2 Qf6 34. e5 Qe6 35. Bc1 Rf3 36. Qd2 Rxd2 37. Rxd2 Qf5 38. Nd1 Rd3 39. Ne3 Rxd2 40. Nxf5 Rxf2+ 41. Kg1 Rxf5 42. Bf4 g5 0-1

[Event "CRO Cup"]
[Site "Rabac"]
[Date "2003.05.30"]
[Round "5"]
[White "Grdinic, Zvonimir"]
[Black "Vukic, Milan"]
[Result "0-1"]
[WhiteElo "2371"]
[BlackElo "2491"]
[PlyCount "128"]
[EventDate "2003.05.26"]
[EventType "team"]
[EventRounds "5"]
[EventCountry "CRO"]
[SourceTitle "CBM 094 Extra"]
[Source "ChessBase"]
[SourceDate "2003.07.09"]
[SourceVersion "2"]
[SourceVersionDate "2003.07.09"]
[SourceQuality "1"]

1. d4 Nf6 2. Nf3 d6 3. c4 Nbd7 4. Nc3 c6 5. e4 e5 6. Be2 Be7 7. 0-0 0-0 8. d5 Nc5 9. Qc2 a5 10. Be3 Qc7 11. Nd2 Bd7 12. h3 Rfc8 13. Rac1 Qb8 14. a4 Qc7 15. Nb3 Na6 16. Nd2 Rf8 17. Qb3 Nc5 18. Qa3 Na6 19. Qb3 Nc5 20. Qa3 Qb6 21. Nb3 Qxb3 22. Bxc5 Qxa3 23. Bxa3 c5 24. b3 g6 25. Rcd1 Ra6 26. Bf3 Ne8 27. Be2 f5 28. Rd3 Rb6 29. Bd1 Nf6 30. f3 f4 31. Bc2 Ra6 32. Bc1 Raa8 33. Nd1 Nh5 34. Nf2 g5 35. Bd1 Kf7 36. Re1 Rg8 37. Bd2 Rg6 38. Re2 Nf6 39. Be1 h5 40. Rb2 b6 41. Rc2 Rag8 42. Kf1 R8g7 43. Rcd2 Ng8 44. Rc2 Nh6 45. Rcd2 Kg8 46. Rc3 Kh7 47. Rcd3 g4 48. fxg4 Bh4 49. g5 Rxg5 50. Bf3 Ng8 51. Rc3 Nf6 52. Nd3 Bxe1 53. Kxe1 Rg3 54. Nf2 Rxg2 55. Bxg2 Rxg2 56. Re2 Rg1+ 57. Kd2 Rg5 58. Rd3 Kg6 59. Kc2 Nh7 60. Rd1 Rg2 61. Rh1 Ng5 62. Kd3 Kh6 63. Nd1 Rg3+ 64. Kc2 Nf3 0-1

[Event "CRO Cup"]
[Site "Rabac"]
[Date "2003.05.28"]
[Round "3"]
[White "Grdinic, Zvonimir"]
[Black "Varga, Zoltan"]
[Result "0-1"]
[WhiteElo "2371"]
[BlackElo "2533"]
[PlyCount "52"]
[EventDate "2003.05.26"]
[EventType "team"]
[EventRounds "5"]
[EventCountry "CRO"]
[SourceTitle "CBM 094 Extra"]
[Source "ChessBase"]
[SourceDate "2003.07.09"]
[SourceVersion "2"]
[SourceVersionDate "2003.07.09"]
[SourceQuality "1"]

1. d4 d5 2. c4 dxc4 3. e3 c5 4. Bxc4 cxd4 5. exd4 Qc7 6. Be2 Nf6 7. Nc3 e6 8. Nf3 Nc6 9. 0-0 Be7 10. d5 Nxd5 11. Nxd5 exd5 12. Qxd5 Be6 13. Qe4 0-0-0 14. Bf4 Bd6 15. Bxd6 Rxd6 16. b4 Kb8 17. b5 Bd5 18. Qf4 Re6 19. Qxc7+ Kxc7 20. Bd1 Nb4 21. Nd4 Rg6 22. Bf3 Rd8 23. Rfc1+ Kb8 24. Bxd5 Rxd5 25. Rc4 Nd3 26. g3 Ne5 0-1

[Event "Zagreb op"]
[Site "Zagreb"]
[Date "1999.??.??"]
[Round "7"]
[White "Bender, Ivan"]
[Black "Grdinic, Zvonimir"]
[Result "0-1"]
[WhiteElo "2175"]
[BlackElo "2370"]
[PlyCount "80"]
[EventDate "1999.??.??"]
[EventType "swiss"]
[EventRounds "9"]
[EventCountry "CRO"]
[SourceTitle "EXT 2000"]
[Source "ChessBase"]
[SourceDate "1999.11.16"]
[SourceVersion "1"]
[SourceVersionDate "1999.11.16"]
[SourceQuality "1"]

1. d4 Nf6 2. c4 g6 3. Nc3 Bg7 4. e4 d6 5. Nf3 0-0 6. Be2 e5 7. 0-0 Nc6 8. d5 Ne7 9. b4 a5 10. bxa5 c5 11. Bd2 Rxa5 12. Qc1 Nh5 13. Rb1 Kh8 14. Rb3 Ng8 15. Ne1 Ra6 16. Bxh5 gxh5 17. f4 exf4 18. Bxf4 f5 19. exf5 Rxf5 20. Qd2 Ne7 21. Nf3 Qf8 22. Bg5 Ng6 23. Re1 Ne5 24. Nxe5 Bxe5 25. Ne4 Ra4 26. Qe2 Rf7 27. h3 Bf5 28. Ng3 Bg6 29. Rf1 Rxf1+ 30. Nxf1 Qf5 31. Bh4 Qc2 32. Qf3 Qf5 33. Qe2 Qe4 34. Qf2 Bd4 35. Ne3 Kg8 36. Kh2 Ra8 37. Bg3 Re8 38. Bf4 Rf8 39. g3 h4 40. a4 hxg3+ 0-1

[Event "CRO-chT2"]
[Site "Tucepi"]
[Date "1996.??.??"]
[Round "?"]
[White "Levacic, Patrick"]
[Black "Grdinic, Zvonimir"]
[Result "1/2-1/2"]
[WhiteElo "2350"]
[BlackElo "2375"]
[PlyCount "38"]
[EventDate "1996.??.??"]
[EventType "team"]
[EventRounds "9"]
[EventCountry "CRO"]
[SourceTitle "EXT 1998"]
[Source "ChessBase"]
[SourceDate "1997.11.17"]
[SourceVersion "1"]
[SourceVersionDate "1997.11.17"]
[SourceQuality "1"]

1. e4 e5 2. Bc4 Nf6 3. d3 Bc5 4. Nf3 Nc6 5. 0-0 d6 6. c3 Bb6 7. Nbd2 h6 8. b4 a6 9. a4 0-0 10. a5 Ba7 11. Re1 Re8 12. Qb3 Be6 13. Ra2 Qd7 14. Rc2 Rad8 15. Bxe6 Rxe6 16. Nc4 d5 17. Nb2 Rde8 18. Rce2 dxe4 19. dxe4 Ne7 1/2-1/2

[Event "CRO-chT"]
[Site "Makarska"]
[Date "1994.??.??"]
[Round "7"]
[White "Cebalo, Miso"]
[Black "Grdinic, Zvonimir"]
[Result "1-0"]
[WhiteElo "2520"]
[BlackElo "2400"]
[PlyCount "61"]
[EventDate "1994.??.??"]
[EventType "team"]
[EventRounds "9"]
[EventCountry "CRO"]
[SourceTitle "EXT 1997"]
[Source "ChessBase"]
[SourceDate "1996.11.15"]
[SourceVersion "1"]
[SourceVersionDate "1996.11.15"]
[SourceQuality "1"]

1. d4 Nf6 2. Nf3 g6 3. c4 Bg7 4. Nc3 0-0 5. e4 d6 6. Be2 e5 7. 0-0 Nc6 8. Be3 Ng4 9. Bg5 f6 10. Bc1 Nxd4 11. Nxd4 exd4 12. Qxd4 Be6 13. Qd1 Ne5 14. f4 Nc6 15. Be3 f5 16. exf5 Bxf5 17. Qd2 Qd7 18. Bf3 Rae8 19. Rad1 Qc8 20. c5 Rd8 21. Rfe1 Kh8 22. Qf2 Nb4 23. Bd4 dxc5 24. Bxg7+ Kxg7 25. Qxc5 Nd3 26. Re7+ Rf7 27. Rxf7+ Kxf7 28. Bd5+ Kg7 29. Qe7+ Kh6 30. g4 Nxb2 31. gxf5 1-0

[Event "CRO-chT"]
[Site "Makarska"]
[Date "1994.??.??"]
[Round "3"]
[White "Grdinic, Zvonimir"]
[Black "Lisenko, Alexander V"]
[Result "1/2-1/2"]
[WhiteElo "2400"]
[BlackElo "2415"]
[PlyCount "49"]
[EventDate "1994.??.??"]
[EventType "team"]
[EventRounds "9"]
[EventCountry "CRO"]
[SourceTitle "EXT 1997"]
[Source "ChessBase"]
[SourceDate "1996.11.15"]
[SourceVersion "1"]
[SourceVersionDate "1996.11.15"]
[SourceQuality "1"]

1. d4 Nf6 2. Nf3 b6 3. c4 e6 4. a3 Bb7 5. Nc3 d5 6. Bg5 Be7 7. Qa4+ c6 8. cxd5 exd5 9. e3 0-0 10. Bd3 Nbd7 11. 0-0 Ne4 12. Bxe7 Qxe7 13. Rac1 a6 14. Bb1 Rac8 15. Rfd1 f5 16. Qc2 Rf6 17. Nd2 Rh6 18. Nf1 g5 19. f3 Nd6 20. Re1 Re6 21. Re2 Re8 22. Rce1 a5 23. Qd1 Ba6 24. Bd3 Bxd3 25. Qxd3 1/2-1/2

[Event "CRO-chT"]
[Site "Makarska"]
[Date "1994.??.??"]
[Round "4"]
[White "Jurkovic, Ante"]
[Black "Grdinic, Zvonimir"]
[Result "1/2-1/2"]
[WhiteElo "2305"]
[BlackElo "2400"]
[PlyCount "24"]
[EventDate "1994.??.??"]
[EventType "team"]
[EventRounds "9"]
[EventCountry "CRO"]
[SourceTitle "EXT 1997"]
[Source "ChessBase"]
[SourceDate "1996.11.15"]
[SourceVersion "1"]
[SourceVersionDate "1996.11.15"]
[SourceQuality "1"]

1. d4 Nf6 2. Nf3 g6 3. Bg5 Bg7 4. Nbd2 c5 5. e3 d6 6. c3 0-0 7. Bc4 Nbd7 8. 0-0 h6 9. Bh4 cxd4 10. Nxd4 d5 11. Bb3 Nc5 12. Bc2 b6 1/2-1/2

[Event "CRO-chT"]
[Site "Pula"]
[Date "1993.??.??"]
[Round "1"]
[White "Cvorovic, Drazen"]
[Black "Grdinic, Zvonimir"]
[Result "0-1"]
[WhiteElo "2395"]
[BlackElo "2410"]
[PlyCount "112"]
[EventDate "1993.??.??"]
[EventType "team"]
[EventRounds "9"]
[EventCountry "CRO"]
[SourceTitle "EXT 1999"]
[Source "ChessBase"]
[SourceDate "1998.11.16"]
[SourceVersion "1"]
[SourceVersionDate "1998.11.16"]
[SourceQuality "1"]

1. e4 e5 2. Nf3 Nc6 3. Bb5 a6 4. Ba4 Nf6 5. d3 b5 6. Bb3 d6 7. c3 Be7 8. Nbd2 0-0 9. 0-0 Na5 10. Bc2 c5 11. Re1 Re8 12. d4 Bf8 13. d5 g6 14. b4 Nb7 15. a4 Bd7 16. a5 Rc8 17. Nb3 Nh5 18. Be3 Nf4 19. bxc5 Nxc5 20. Nxc5 dxc5 21. Bxf4 exf4 22. h3 f6 23. Qd2 Bd6 24. c4 Rb8 25. Bd3 Qc7 26. Qc3 Kf7 27. Ra2 b4 28. Qa1 Be5 29. Nxe5+ Qxe5 30. Qxe5 Rxe5 31. f3 Ke7 32. Kf2 Kd6 33. Rb2 Re7 34. Bf1 h5 35. h4 Rg8 36. g3 g5 37. Bd3 Ke5 38. Rh1 g4 39. gxf4+ Kxf4 40. Be2 f5 41. exf5 g3+ 42. Kg2 Bxf5 43. Rd1 Rge8 44. Rdd2 Re3 45. d6 Bd7 46. Bd1 R8e5 47. Bc2 Rc3 48. Rd5 Rxd5 49. cxd5 b3 50. Bd1 c4 51. Re2 Re3 52. Rd2 c3 53. Rd4+ Ke5 54. Rc4 c2 55. Bxc2 Re2+ 56. Kxg3 bxc2 0-1

[Event "CRO Cup"]
[Site "Pula"]
[Date "1993.??.??"]
[Round "?"]
[White "Grdinic, Zvonimir"]
[Black "Havas, Ladislav"]
[Result "1/2-1/2"]
[WhiteElo "2410"]
[BlackElo "2285"]
[PlyCount "40"]
[EventDate "1993.??.??"]
[EventType "team"]
[EventRounds "5"]
[EventCountry "CRO"]
[SourceTitle "EXT 2000"]
[Source "ChessBase"]
[SourceDate "1999.11.16"]
[SourceVersion "1"]
[SourceVersionDate "1999.11.16"]
[SourceQuality "1"]

1. d4 Nf6 2. Nf3 g6 3. c4 Bg7 4. Nc3 0-0 5. e4 d6 6. Bg5 c5 7. d5 h6 8. Bf4 e6 9. dxe6 Bxe6 10. Qd2 Kh7 11. Bxd6 Re8 12. 0-0-0 Nc6 13. Bxc5 Qa5 14. Ba3 Rac8 15. Bd3 Nb4 16. Bxb4 Qxb4 17. Nd5 Rxc4+ 18. Kb1 Bxd5 19. exd5 Nxd5 20. Ka1 Qxd2 1/2-1/2

[Event "CRO-chT"]
[Site "Pula"]
[Date "1993.??.??"]
[Round "8"]
[White "Grdinic, Zvonimir"]
[Black "Mohr, Georg"]
[Result "0-1"]
[WhiteElo "2410"]
[BlackElo "2435"]
[PlyCount "100"]
[EventDate "1993.??.??"]
[EventType "team"]
[EventRounds "9"]
[EventCountry "CRO"]
[SourceTitle "EXT 1999"]
[Source "ChessBase"]
[SourceDate "1998.11.16"]
[SourceVersion "1"]
[SourceVersionDate "1998.11.16"]
[SourceQuality "1"]

1. d4 Nf6 2. c4 e5 3. dxe5 Ng4 4. Nf3 Bc5 5. e3 Nc6 6. a3 a5 7. b3 0-0 8. Nc3 Re8 9. Be2 Ncxe5 10. Nxe5 Nxe5 11. 0-0 Ra6 12. Nd5 Rh6 13. e4 Rh4 14. Qc2 Nc6 15. Bd3 Nd4 16. Qd1 d6 17. Ne3 Qf6 18. b4 Ba7 19. Re1 Qe5 20. g3 Rxe4 21. Bd2 Bh3 22. Bc3 Qe6 23. Bxe4 Qxe4 24. Bxd4 Bxd4 25. Qc2 Bxa1 26. Qxe4 Rxe4 27. Rxa1 a4 28. Rd1 f5 29. c5 dxc5 30. bxc5 g5 31. Nd5 Kf7 32. Nxc7 Rc4 33. Nb5 Rxc5 34. Nd6+ Ke6 35. Nxb7 Rc3 36. f4 gxf4 37. gxf4 Rxa3 38. Nc5+ Kf7 39. Kf2 Bg4 40. Rd7+ Kg6 41. Rd6+ Kh5 42. Rd7 h6 43. Rd4 Rf3+ 44. Kg2 a3 45. Rd6 Rc3 46. Nd7 Bf3+ 47. Kf2 Bc6 48. Ne5 a2 49. Rd1 Bd5 50. Re1 Rc2+ 0-1

[Event "CRO-chT"]
[Site "Pula"]
[Date "1993.??.??"]
[Round "5"]
[White "Lanka, Zigurds"]
[Black "Grdinic, Zvonimir"]
[Result "0-1"]
[WhiteElo "2545"]
[BlackElo "2410"]
[PlyCount "92"]
[EventDate "1993.??.??"]
[EventType "team"]
[EventRounds "9"]
[EventCountry "CRO"]
[SourceTitle "EXT 1999"]
[Source "ChessBase"]
[SourceDate "1998.11.16"]
[SourceVersion "1"]
[SourceVersionDate "1998.11.16"]
[SourceQuality "1"]

1. e4 e5 2. Nf3 Nc6 3. Bb5 a6 4. Ba4 Nf6 5. 0-0 Be7 6. Re1 b5 7. Bb3 d6 8. c3 0-0 9. h3 Na5 10. Bc2 c5 11. d4 Bb7 12. Nbd2 cxd4 13. cxd4 exd4 14. Nxd4 Re8 15. a4 b4 16. Nf1 h6 17. Ng3 Bf8 18. Ndf5 Rc8 19. Bf4 Re6 20. Rc1 Qb6 21. Bb1 Rxc1 22. Bxc1 Nc4 23. b3 Ne5 24. Be3 Qc7 25. Qd2 d5 26. f4 Ng6 27. e5 Ne4 28. Nxe4 dxe4 29. Qf2 Bd5 30. h4 Rc6 31. h5 Ne7 32. Nd6 Rc3 33. Nxe4 Rxb3 34. Nd6 Qc3 35. Bd4 Qg3 36. Qxg3 Rxg3 37. Be4 Bxe4 38. Nxe4 Ra3 39. Nc5 Nc6 40. Bf2 Bxc5 41. Bxc5 Rxa4 42. Bd6 Ra2 43. Kh2 b3 44. f5 Nd4 45. Rb1 Nf3+ 46. Kg3 Nd2 0-1

[Event "Pula tt2"]
[Site "Pula"]
[Date "1990.??.??"]
[Round "3"]
[White "Begovac, Franja"]
[Black "Grdinic, Zvonimir"]
[Result "1/2-1/2"]
[WhiteElo "2405"]
[BlackElo "2410"]
[PlyCount "51"]
[EventDate "1990.??.??"]
[EventType "team"]
[EventRounds "11"]
[EventCountry "YUG"]
[SourceTitle "EXT 2000"]
[Source "ChessBase"]
[SourceDate "1999.11.16"]
[SourceVersion "1"]
[SourceVersionDate "1999.11.16"]
[SourceQuality "1"]

1. d4 Nf6 2. c4 g6 3. Nc3 Bg7 4. e4 d6 5. f3 0-0 6. Be3 e5 7. Nge2 c6 8. Qd2 exd4 9. Nxd4 d5 10. cxd5 cxd5 11. e5 Ne8 12. f4 f6 13. e6 f5 14. e7 Qxe7 15. Nxd5 Qd8 16. Bc4 Kh8 17. 0-0 Nd6 18. Bb3 Bd7 19. Rad1 Nc6 20. Nxc6 Bxc6 21. Bd4 Ne4 22. Qe3 Bxd4 23. Qxd4+ Nf6 24. Rfe1 Bxd5 25. Bxd5 Qxd5 26. Qxd5 1/2-1/2

[Event "Pula tt2"]
[Site "Pula"]
[Date "1990.??.??"]
[Round "10"]
[White "Boric, Muhamed"]
[Black "Grdinic, Zvonimir"]
[Result "1/2-1/2"]
[WhiteElo "2325"]
[BlackElo "2410"]
[PlyCount "31"]
[EventDate "1990.??.??"]
[EventType "team"]
[EventRounds "11"]
[EventCountry "YUG"]
[SourceTitle "EXT 2000"]
[Source "ChessBase"]
[SourceDate "1999.11.16"]
[SourceVersion "1"]
[SourceVersionDate "1999.11.16"]
[SourceQuality "1"]

1. d4 Nf6 2. c4 g6 3. Nc3 Bg7 4. e4 d6 5. f4 0-0 6. Nf3 c5 7. d5 e6 8. Be2 exd5 9. cxd5 Re8 10. Nd2 Na6 11. 0-0 Nc7 12. a4 b6 13. Re1 Rb8 14. Bf3 Ba6 15. Nf1 Bxf1 16. Rxf1 1/2-1/2

[Event "Pula tt2"]
[Site "Pula"]
[Date "1990.??.??"]
[Round "5"]
[White "Grdinic, Zvonimir"]
[Black "Kovacevic, Veljko"]
[Result "0-1"]
[WhiteElo "2410"]
[BlackElo "2305"]
[PlyCount "124"]
[EventDate "1990.??.??"]
[EventType "team"]
[EventRounds "11"]
[EventCountry "YUG"]
[SourceTitle "EXT 2000"]
[Source "ChessBase"]
[SourceDate "1999.11.16"]
[SourceVersion "1"]
[SourceVersionDate "1999.11.16"]
[SourceQuality "1"]

1. d4 Nf6 2. c4 d6 3. Nc3 e5 4. Nf3 e4 5. Nd2 Bf5 6. Qb3 Nc6 7. e3 a5 8. a3 Rb8 9. g3 Qe7 10. Bg2 g6 11. Nd5 Nxd5 12. cxd5 Nd8 13. h3 h5 14. Qc2 Bg7 15. Bxe4 Bd7 16. Qxc7 Rc8 17. Qb6 f5 18. Bd3 h4 19. Nc4 Rxc4 20. Bxc4 hxg3 21. fxg3 Qe4 22. Rh2 Ke7 23. Be2 Qxd5 24. Bd2 a4 25. Qa5 Qe4 26. Qc3 Nf7 27. Qd3 Qd5 28. Bf1 Ng5 29. Bg2 Ne4 30. Qf1 Be5 31. Qf2 Bf6 32. Rc1 Bc6 33. Qf4 Be5 34. Bxe4 Bxf4 35. Bxd5 Bxg3+ 36. Ke2 Bxd5 37. Rhh1 Bxh1 38. Rxh1 d5 39. Kf3 Bd6 40. Kg2 Rc8 41. Rc1 Rxc1 42. Bxc1 Kf6 43. h4 Ke6 44. Bd2 Kd7 45. Kf3 Kc6 46. Bb4 Bc7 47. Ke2 Bd8 48. Be1 Be7 49. Bg3 b5 50. Be1 Bf6 51. Kf3 b4 52. axb4 Kb5 53. Kf4 Kc4 54. b5 Kxb5 55. h5 gxh5 56. Kxf5 Bd8 57. e4 Kc4 58. e5 h4 59. Kg4 Kxd4 60. Bc3+ Kc4 61. Bd2 d4 62. Bg5 d3 0-1

[Event "Pula tt2"]
[Site "Pula"]
[Date "1990.??.??"]
[Round "11"]
[White "Grdinic, Zvonimir"]
[Black "Polajzer, Danilo"]
[Result "1/2-1/2"]
[WhiteElo "2410"]
[BlackElo "2325"]
[PlyCount "95"]
[EventDate "1990.??.??"]
[EventType "team"]
[EventRounds "11"]
[EventCountry "YUG"]
[SourceTitle "EXT 2000"]
[Source "ChessBase"]
[SourceDate "1999.11.16"]
[SourceVersion "1"]
[SourceVersionDate "1999.11.16"]
[SourceQuality "1"]

1. d4 d5 2. Nf3 Nf6 3. e3 c6 4. Bd3 Bg4 5. 0-0 Nbd7 6. Nbd2 e5 7. dxe5 Nxe5 8. Be2 Nxf3+ 9. Bxf3 Bxf3 10. Qxf3 Be7 11. c4 0-0 12. Rd1 Qa5 13. cxd5 Qxd5 14. Qxd5 Nxd5 15. Nc4 Nb6 16. Na5 Rfd8 17. Bd2 Rxd2 18. Rxd2 Bb4 19. Rd4 Bxa5 20. b4 c5 21. bxa5 cxd4 22. axb6 dxe3 23. bxa7 exf2+ 24. Kxf2 Rxa7 25. Kf1 Ra6 26. Rc1 g6 27. Rc8+ Kg7 28. Rc7 Rb6 29. a4 h5 30. Kf2 g5 31. h3 Rb2+ 32. Kg1 Kg6 33. a5 f6 34. Rc8 Kf5 35. Kh2 Rb5 36. Ra8 Kf4 37. a6 g4 38. hxg4 hxg4 39. g3+ Kf3 40. axb7 Rb2+ 41. Kg1 Rxb7 42. Ra3+ Ke4 43. Ra2 Rd7 44. Kf2 Kf5 45. Rb2 Kg5 46. Ra2 f5 47. Kg2 Rd5 48. Rb2 1/2-1/2